000 00710nam a2200277 a 4500
003 AR-BaBNM
005 20251128205818.0
008 082120s2002 ||||||||||||||000 | spa||
020 _a950-9089-03-6
040 _cAR-BaBNM
100 1 _aBerisso, Luciana
245 0 0 _aParliamo italiano
_n4
250 _a4ª ed.
260 _aBuenos Aires
_bAsociación Dante Alighieri
_c1988
300 _a307 p.
_bil.
650 4 _aITALIANO
650 4 _aLENGUAS ROMANCES
650 4 _aENSEÑANZA DE IDIOMAS
650 4 _aACTIVIDADES DE APRENDIZAJE
650 4 _aGRAMATICA
650 4 _aENSEÑANZA DEL VOCABULARIO
650 4 _aVOCABULARIO
700 1 _aGuerri, Riccardo
942 _cBK
998 _cMARTIN
999 _c12910
_d12910